Trafford MBC v Going Places Leisure Travel Ltd (Record no. 100400)

MARC details
000 -LEADER
fixed length control field 01510cam a2200193 4500
001 - CONTROL NUMBER
control field X105457
008 - FIXED-LENGTH DATA ELEMENTS--GENERAL INFORMATION
fixed length control field 000000n2000 000 0 eng u
035 ## - SYSTEM CONTROL NUMBER
System control number (Sirsi) u105457
245 ## - TITLE STATEMENT
Title Trafford MBC v Going Places Leisure Travel Ltd
260 ## - PUBLICATION, DISTRIBUTION, ETC.
Date of publication, distribution, etc. 2000
490 ## - SERIES STATEMENT
Series statement Planning Appeal Decisions
Volume/sequential designation 15 PAD 239-246(8)
520 ## - SUMMARY, ETC.
Summary, etc. T/APP/Q4245A/99/1022/P2 Change of use-non-food retail warehouse to travel agency-previously unoccupied-in retail park-application for continued use-Unitary Development Plan-criteria for proposals for retail development outside town and district centres-sequential approach to site select-national policy advice-PPG26 and 13-Parliamentary Answer-whether new retail development for purpose of demonstrating need-"essentiallly similar activiies"-conditions-vitality and viability of an exisitng centre-impact offset by removal of impact from permitted retail warehouse use-means of public and privatge trasport to retail park-cycle accessibility-effect on verall travel patterns and car use-likely to result in limted reductions in vehicle Co2 and other emissions-alternative sites-suitability and availability-impact of competition on established smaller businesses-terms of modifed condition-retention of others(Headnote from journal article)
650 ## - SUBJECT ADDED ENTRY--TOPICAL TERM
Topical term or geographic name entry element TRAFFORD MBC V GOING PLACES TRAVEL LTD
650 ## - SUBJECT ADDED ENTRY--TOPICAL TERM
Topical term or geographic name entry element CHANGE OF USE
650 ## - SUBJECT ADDED ENTRY--TOPICAL TERM
Topical term or geographic name entry element TRAVEL AGENCY
650 ## - SUBJECT ADDED ENTRY--TOPICAL TERM
Topical term or geographic name entry element RETAIL DEVELOPMENT
690 ## - LOCAL SUBJECT ADDED ENTRY--TOPICAL TERM (OCLC, RLIN)
Topical term or geographic name as entry element ENVIRONMENTAL AND LAND CONSULTANCY-PLANNING AND DEVELOPMENT
942 ## - ADDED ENTRY ELEMENTS (KOHA)
Suppress in OPAC 0
Holdings
Withdrawn status Lost status Source of classification or shelving scheme Damaged status Not for loan Home library Current library Shelving location Date acquired Total Checkouts Full call number Barcode Date last seen Copy number Price effective from Koha item type
    Dewey Decimal Classification     London London Journal article 19/04/2000   X105457 105457-1001 06/08/2019 1 06/08/2019 Law report